| 000 | 01860nam a2200349 c 4500 | ||
|---|---|---|---|
| 003 | BLK | ||
| 005 | 20180422115028.0 | ||
| 008 | 180411b bul|||||r ||||||| ||bul|| | ||
| 010 | _aKNG00188440000 | ||
| 020 |
_a978-619-7120-36-3 _bиздат.: Smart Books |
||
| 040 | _aBLK | ||
| 041 |
_aBUL _cBUL |
||
| 072 | 7 |
_2bullib _aН83 _xЧужда художествена литература Н |
|
| 080 |
_aЛитература на отделни езици и езикови семейства _b821 _x-32(082) _z821-32(082) |
||
| 100 | 1 |
_aВиан, Борис _eпърви автор _9377610 |
|
| 700 | 1 |
_aДобранова, Марияна Антонова _eсъстав. _9383638 |
|
| 700 | 1 |
_aЕвстатиева, Светла Маринова _eпрев. _9340090 |
|
| 700 | 1 |
_aНинова, Мариела _eпрев. _9341844 |
|
| 139 |
_aВеликите писатели разказват своите носталгични истории _bВ 39 |
||
| 245 | 1 | 0 |
_aВеликите писатели разказват своите носталгични истории _cБорис Виан; състав. Марияна Антонова Добранова; прев. Светла Маринова Евстатиева; прев. Мариела Нинова. |
| 257 | _aSB | ||
| 260 |
_аСофия _bSmart Books _c2015 _fСофия : Алианс принт |
||
| 300 |
_a144 с. _c20 см |
||
| 380 | _aX | ||
| 500 | _aЗагл. на кор.: Носталгични истории. - Съдържа произведения от: Борис Виан, Херман Хесе, Джон Ъпдайк, Ерих Кестнер, Антон Павлович Чехов. | ||
| 659 | _aН | ||
| 852 | _aЦб 281005 | ||
| 856 | 4 |
_qpdf _u |
|
| 856 | 4 |
_qpdf _u |
|
| 942 |
_cKNG _n0 |
||
| 944 |
_aCR _c14.06.2016 _kВиолета_Тройчева |
||
| 944 |
_aED _c04.07.2016 _kГеновева_Генчева |
||
| 999 |
_c179656 _d179656 |
||